000 00950nam a2200217Ia 4500
008 0000002001 sp a 0000000000spa00
020 _a8495075695
090 _aPSP00 G65a
100 1 _aGonzález, Catali
245 1 0 _aAntonio González
_b: Sílabas
_c/ textos Catali González, Isabel Tejada ; traducción Itziar Bilbao ; fotografías Juan González.
300 _a63 p.
_c/ 23 cm.
500 _aExposición realizada en Sala de Cultura Carlos III, Pamplona, Noviembre 28, 2001 Enero 4, 2002 \ Con el patronazgo del maestro venezolano Jesús Rafael Soto (q.e.p.d.)
600 0 0 _aGONZALEZ, ANTONIO, 1974/
_xTRABAJOS PICTORICOS
650 1 4 _aARTE CONTEMPORANEO ESPAÑOL
650 1 4 _xCATALOGOS
650 1 4 _xEXPOSICIONES
650 1 4 _aPINTORES ESPAÑOLES
650 1 4 _aPINTURA ESPAÑOLA
700 1 _aTejada, Isabel \ Bilbao, Itziar, tr.\ González, Juan
999 _c2101
_d2101
260 _aPamplona : Universidad Pública de Navarra
_c2001